000 00768nam a2200253Ia 4500
003 OSt
005 20221005075952.0
006 a|||||r|||| 00| 0
007 ta
008 221004b |||||||| |||| 00| 0 kan d
020 _a9788189738839 (hbk)
_c995
024 _a109787
037 _b538, 14/03/2011, Eastern Book Linkers
_cTextual
040 _aCRL
_cCRL
_bkan
041 _2kan
_akan
082 _aO33,3N31,TA, 111Q1
100 _aBhyrappa S L
_9420588
245 0 _aTantu tr byS Ramaswamy
260 _aNew Delhi
_bNiyogi Books India
_c2011
300 _a1236p.
_ccm.
650 _aENGLISH LITERATURE
942 _hO33,3N31,TA, 111Q1
_cTEXL
_2cc
999 _c985474
_d985474